• Rosito V., Guarinelli S., Lischetti A., Pesce F., Dossi F., Colzani A

di Personal Name

Records bibliografici associati: 1

001 - CONTROL NUMBER

  • control field: 61006

003 - CONTROL NUMBER IDENTIFIER

  • control field:

005 - DATE AND TIME OF LATEST TRANSACTION

  • control field: 20241014151840.0

008 - FIXED-LENGTH DATA ELEMENTS

  • fixed length control field: 241014|| aca||aabn | a|a d

040 ## - CATALOGING SOURCE

  • Original cataloging agency:
  • Transcribing agency:

100 ## - HEADING--PERSONAL NAME

  • Personal name: Rosito V., Guarinelli S., Lischetti A., Pesce F., Dossi F., Colzani A

670 ## - SOURCE DATA FOUND

  • Source citation: Work cat.: ()360229: Belletti Francesco (et al.) 56630, Il matrimonio, un'istituzione in crisi per i millennials, 2024
CREDITS: SOCIETA' SAN PAOLO Via A.Severo, 58 - ROMA (RM) & PERIODICI SAN PAOLO SRL Via Giotto, 36 MILANO & CISF Via Giotto, 36 MILANO & EDIZIONI SAN PAOLO SRL,  Piazza Soncino, 5 CINISELLO BALSAMO (MI) -- ITALY